Complétez la citation-Les Demoiselles de Rochefort - Statistiques

Statistiques générales
  • Ce quiz a été pris 67 fois
  • Le résultat moyen est 11 sur 15
Statistiques - réponses
Hint Réponse % Correct
J'vais à Nantes voir ma famille, j'vais en ______ perm à Nantes
96%
Et lui qui faisait des ____ pour découper le gâteau manières
94%
Tu ne m'avais pas dit que tu posais pour les _____ militaires
90%
Jouant du violoncelle, de la trompette ou du _____ banjo
84%
Mademoiselle, votre ______ dépasse. combinaison
84%
Que sais-tu de mes rêves et de quoi ils sont faits? Si tu les connaissais _____ tu serais stupéfait
80%
J'ai rencontré l'homme de ma vie. Où ça? _____ Dans la rue
78%
Je pourrais avoir demain une glace à la ______? fraise
76%
Solange, _________ et l'envol des anges, c'est un nom qui vous va bien. la clé de sol
76%
Mon concerto ! Je l'ai cherché partout. Moi aussi _______ je vous ai cherché partout
63%
Il ne faut pas que tu _______ ou je vais me mettre à pleurer m'en veuilles
61%
Monsieur s'il vous plaît ! depuis hier je cherche, mais sans succès, un marchand de piano. _________ J'en achète jamais!
53%
Midi moins le quart _______________ ça y est je suis en retard
51%
C'est de l'esprit à quatre sous. ____________ Grattez où ça vous démange
51%
Oh ! Tu n'auras pas de _______ réglisses
35%
Aucun quiz correspondant
Distribution des résultats
% des personnes avec chaque résultat
Percentile par nombre de réponses
Votre historique - résultats
Vous n’avez pas pris ce quiz